000 00432ntaaa2200169 4500
003 01
005 20251027201554.0
008 0714s1973 ag 01
040 _aAR-BaBN
_bspa
_cAR-BaBN
_eaacr
_dRIC
082 _a230.0000 D29
100 _aDavison, W. T.
_914352
245 _aChristian Interpretation of Life, and other essays.
250 _a1 ed. :
_bC. H. Kelly,
_cc/898
300 _a335 p.
650 _aTeologĂ­a
942 _cBK
999 _c10306
_d10306